Major documents in American economic history.

Bibliographic Details
Main Author: Hacker, Louis M. (Louis Morton), 1899-1987
Format: Book
Language:English
Published: Princeton, N.J. : Van Nostrand, [1961]
Series:An Anvil original, 55-56
Subjects:

MARC

Tag First Indicator Second Indicator Subfields
LEADER 00000cam a22000001 4500
001 in00000058320
005 20151008051524.0
008 720107s1961 njua 00000 eng
010 |a  61019083  
035 |a (OCoLC)00171836 
035 |9 AAG8438AM 
040 |a DLC  |c DLC  |d TXA  |d UtOrBLW 
043 |a n-us--- 
049 |a TXAM  |v 1 [337641]  |v 2 [337642] 
050 0 0 |a HC101  |b .H22 
082 0 |a 330.973 
092 |a 330.973  |b H118m 
100 1 |a Hacker, Louis M.  |q (Louis Morton),  |d 1899-1987. 
245 1 0 |a Major documents in American economic history. 
264 1 |a Princeton, N.J. :  |b Van Nostrand,  |c [1961] 
300 |a 2 volumes :  |b illustrations ;  |c 19 cm. 
336 |a text  |b txt  |2 rdacontent 
337 |a unmediated  |b n  |2 rdamedia 
338 |a volume  |b nc  |2 rdacarrier 
490 0 |a An Anvil original, 55-56 
505 0 |a v. 1. From an agrarian to an industrial economy (1785-1900)--v. 2. The problems of a world power (the 20th century) 
651 0 |a United States  |x Economic conditions  |x Collections. 
999 |a MARS 
999 f f |s 3ddbdbc5-a743-33ea-b7b9-93075eee97bf  |i 78d3030e-430b-34e3-9354-a9df7592ef34  |t 0 
952 f f |p ric  |a Texas A&M University  |b Rellis Campus  |c Joint Library Facility  |d Remote Storage  |t 0  |e HC101 .H22  |h Library of Congress classification  |i unmediated -- volume  |k v.2  |m A14800707382 
952 f f |p ric  |a Texas A&M University  |b Rellis Campus  |c Joint Library Facility  |d Remote Storage  |t 0  |e HC101 .H22  |h Library of Congress classification  |i unmediated -- volume  |k v.1  |m A14800707374 
998 f f |a HC101 .H22  |s v.1-v.2  |t 0  |l Remote Storage